Państwa według podpowiedzi #2 - Statystyki

Ogólne statystyki
  • Ten quiz został rozwiązany 26 160 razy
  • Średni wynik to 13 z 22
Statystyki odpowiedzi
Podpowiedzi: Państwo % Poprawnych
Wielki Mur, Mao Zedong, fajerwerki Chiny
99%
naleśniki, berety, Notre Dame Francja
94%
samba, karnawał, Pelé Brazylia
79%
neutralność, zegarki, banki Szwajcaria
78%
ropa naftowa, Mekka, Beduini Arabia Saudyjska
76%
ajatollah, Persja, Teheran Iran
76%
gimnastyka, wampiry, Nicolae Ceaușescu Rumunia
75%
Himalaje, Szerpowie, Katmandu Nepal
74%
gulasz, Magyar, Balaton Węgry
73%
Osmanowie, Hagia Sophia, Kurdowie Turcja
67%
Samsung, Inczon, DMZ Korea Południowa
59%
sauny, Nokia, Jean Sibelius Finlandia
56%
komunizm, Camagüey, Zatoka Świń Kuba
50%
Outback, bumerang, starorzecze Australia
48%
Kandahar, Talibowie, Przełęcz Chajberska Afganistan
47%
Jean-Claude Van Damme, Flandria, piwo trapistów Belgia
47%
Tết, phở, stożkowe kapelusze Wietnam
45%
Jutlandia, Hamlet, Ogrody Tivoli Dania
33%
igbo, Abudża, przemysł naftowy Nigeria
26%
Róg Afryki, francuski, nazwa stolicy = nazwa państwa Dżibuti
24%
Deklaracja Balfoura, kibuc, Kneset Izrael
20%
Rafael Trujillo, Hispaniola, baseball Dominikana
15%
Nie znaleziono quizów pasujących do podanych kryteriów
Rozkład punktacji
Procent ludzi z każdym wynikiem
Percentyl według liczby udzielonych odpowiedzi
Twoja historia wyników
Nie rozwiązałeś tego quizu